[Event "Groningen Combinatie op"]
[Site "Groningen"]
[Date "2018.05.13"]
[Round "6"]
[White "Pham, Khoi"]
[Black "Houtsma, Sybrand"]
[Result "1-0"]
[WhiteElo "2001"]
[BlackElo "1814"]
[PlyCount "73"]
[EventDate "2018.05.10"]
[EventType "swiss"]
[EventRounds "7"]
[EventCountry "NED"]
[SourceTitle "CBM 184 Extra"]
[Source "ChessBase"]
[SourceDate "2018.06.28"]
[SourceVersion "1"]
[SourceVersionDate "2018.06.28"]
[SourceQuality "1"]

1. e4 c5 2. Nf3 d6 3. d4 cxd4 4. Nxd4 Nf6 5. Nc3 a6 6. Be2 e5 7. Nb3 Be6 8. 0-0 Be7 9. a4 d5 10. exd5 Nxd5 11. Bd2 0-0 12. Bf3 Nxc3 13. Bxc3 Qc7 14. Na5 Nc6 15. Nxc6 bxc6 16. Qe2 f6 17. a5 Bd5 18. Be4 Bd6 19. h3 f5 20. Bd3 f4 21. f3 Rf6 22. Kh1 Rh6 23. Bxa6 Qd7 24. Bd3 Bc5 25. Bc4 Re8 26. Bxd5+ cxd5 27. b4 Be3 28. Bd2 Rxh3+ 29. gxh3 Qxh3+ 30. Qh2 Qxh2+ 31. Kxh2 Bxd2 32. b5 Be3 33. b6 Re6 34. Rfe1 e4 35. fxe4 dxe4 36. Rxe3 fxe3 37. b7 1-0

[Event "Wiesbaden op 29th"]
[Site "Wiesbaden"]
[Date "2017.08.27"]
[Round "7"]
[White "Arns, Alexander"]
[Black "Houtsma, Sybrand"]
[Result "0-1"]
[WhiteElo "1891"]
[BlackElo "1798"]
[PlyCount "120"]
[EventDate "2017.08.24"]
[EventType "swiss"]
[EventRounds "7"]
[EventCountry "GER"]
[SourceTitle "CBM 180 Extra"]
[Source "ChessBase"]
[SourceDate "2017.10.06"]
[SourceVersion "1"]
[SourceVersionDate "2017.10.06"]
[SourceQuality "1"]

1. c4 e5 2. g3 d5 3. Bg2 dxc4 4. Qa4+ Bd7 5. Qxc4 Nc6 6. Nf3 Nf6 7. d3 Rb8 8. 0-0 Be7 9. h3 0-0 10. a3 Be6 11. Qc2 Bd5 12. e4 Be6 13. b4 Qd7 14. Kh2 Rfd8 15. Bb2 Qxd3 16. Qxd3 Rxd3 17. Nxe5 Nxe5 18. Bxe5 Rc8 19. f4 Nd7 20. Bb2 Nb6 21. f5 Bb3 22. e5 Bd5 23. Bxd5 Nxd5 24. Rf2 Rd8 25. Ra2 Bg5 26. h4 Be7 27. Bc1 Ne3 28. Bxe3 Rxe3 29. f6 gxf6 30. exf6 Bd6 31. Rfd2 Bxg3+ 32. Kg2 Bd6 33. Rd5 h6 34. Rad2 Rde8 35. Rf5 Rb3 36. Rd1 Re2+ 37. Kf1 Rh2 38. Nd2 Rd3 39. Rf2 Rxf2+ 40. Kxf2 Kf8 41. Ke2 Rd4 42. Ke3 Rxh4 43. Ne4 Rh3+ 44. Kd4 Ke8 45. Re1 Kd7 46. Nxd6 Kxd6 47. Re7 Rxa3 48. Rxf7 Rf3 49. Rf8 h5 50. Rd8+ Ke6 51. Re8+ Kf7 52. Re7+ Kxf6 53. Rxc7 Rf4+ 54. Kc3 b5 55. Rc6+ Kg5 56. Ra6 h4 57. Rxa7 h3 58. Rg7+ Kh4 59. Rb7 Rf5 60. Rh7+ Rh5 0-1